Gaming Quiz

Random Gaming or Board Games Quiz

Trivial Pursuit Categories (Multi Edition) Quiz Stats

 Plays Quiz Updated Mar 2, 2020

Support Sporcle.
Go Orange.
Score 0/120 Timer 10:00
0 Plays Today
Edition Category % Correct
Genus I & II
(1981 & 1984)
History
83%
Genus III-VI
(1994-2003)
History
83%
Star Wars Classic Trilogy (1997)History
83%
Genus I & II
(1981 & 1984)
Geography
67.7%
Star Wars Classic Trilogy (1997)Geography
67.7%
Genus I & II
(1981 & 1984)
Entertainment
61.9%
Warner Bros.
(1999)
Movies
55.8%
Totally 80s
(2006)
Movies
55.8%
DVD Pop Culture
(2003)
Movies
55.8%
Genus I & II
(1981 & 1984)
Sports & Leisure
51.7%
Genus III-VI
(1994-2003)
Sports & Leisure
51.7%
Totally 80s
(2006)
Sports & Leisure
51.7%
Totally 80s
(2006)
Music
49.7%
DVD Pop Culture
(2003)
Music
49.7%
All-Star Sports
(1983)
Football
47.5%
All-Star Sports
(1983)
Baseball
46.8%
Baby Boomer
(1983)
Television
46.5%
DVD Pop Culture
(2003)
TV
46.5%
Warner Bros.
(1999)
Television
46.5%
Totally 80s
(2006)
Television
46.5%
All-Star Sports
(1983)
Basketball
45.5%
Genus I & II
(1981 & 1984)
Science & Nature
43%
Genus III-VI
(1994-2003)
Science & Nature
43%
Genus I & II
(1981 & 1984)
Art & Literature
35.7%
Star Wars Classic Trilogy (1997)Characters
25.7%
SNL DVD
(2003)
Characters
25.7%
TV
(1991)
Drama
22.4%
Warner Bros.
(1999)
Cartoons
19.8%
Genus III-VI
(1994-2003)
Arts & Entertainment
18.6%
Genus III-VI
(1994-2003)
People & Places
18.2%
Young Players
(1985)
People & Places
18.2%
Globetrotter
(2002)
Europe
17.2%
Globetrotter
(2002)
Asia
17.1%
Globetrotter
(2002)
Africa
16.6%
Globetrotter
(2002)
North America
16.5%
20th Anniversary
(2001)
News
16.3%
TV
(1991)
Sitcoms
15%
Genus III-VI
(1994-2003)
Wild Card
14.6%
Star Wars Classic Trilogy (1997)Wild Card
14.6%
Totally 80s
(2006)
Wild Card
14.6%
Edition Category % Correct
TV
(1991)
Wild Card
14.6%
Book Lover's Edition
(2004)
Authors
11.1%
Warner Bros.
(1999)
Classics
10.5%
Book Lover's Edition
(2004)
Classics
10.5%
TV
(1991)
Classics
10.5%
Globetrotter
(2002)
Oceania
10.4%
DVD Pop Culture
(2003)
Sports & Games
8.2%
Young Players
(1985)
Science & Technology
8%
SNL DVD
(2003)
The Show
7.8%
Book Lover's Edition
(2004)
Non-Fiction
7.5%
R.P.M.
(1985)
60s
7.4%
R.P.M.
(1985)
50s
6.6%
Globetrotter
(2002)
Latin America
6.5%
TV
(1991)
Stars
6.3%
Silver Screen
(1983)
Titles
6.1%
DVD Pop Culture
(2003)
Fads
5.1%
SNL DVD
(2003)
Sketches
4.5%
Lord of the Rings Movie Trilogy (2003)Good
3.8%
Book Lover's Edition
(2004)
Children's
3.5%
Silver Screen
(1983)
Settings
3%
90s Time Capsule
(2004)
Trends
3%
Lord of the Rings Movie Trilogy (2003)Things
2.9%
Lord of the Rings Movie Trilogy (2003)Evil
2.8%
Young Players
(1985)
Art & Culture
2.7%
Young Players
(1985)
Natural World
2.5%
All-Star Sports
(1983)
Numbers
2.4%
Baby Boomer
(1983)
R.P.M.
2.3%
Baby Boomer
(1983)
Stage & Screen
2.1%
Totally 80s
(2006)
Headlines
2.1%
20th Anniversary
(2001)
The Written Word
2.1%
Silver Screen
(1983)
Production
2.1%
Young Players
(1985)
Good Times
2%
Baby Boomer
(1983)
Nightly News
2%
All-Star Sports
(1983)
Nicknames
1.9%
Silver Screen
(1983)
Off Screen
1.8%
Silver Screen
(1983)
On Screen
1.8%
DVD Pop Culture
(2003)
Buzz
1.8%
Baby Boomer
(1983)
Publishing
1.8%
Warner Bros.
(1999)
Behind the Scenes
1.8%
Young Players
(1985)
Games & Hobbies
1.7%
Edition Category % Correct
90s Time Capsule
(2004)
Oops
1.6%
All-Star Sports
(1983)
Catch All
1.6%
Baby Boomer
(1983)
Lives & Times
1.6%
90s Time Capsule
(2004)
Wired
1.5%
Silver Screen
(1983)
Portrayals
1.5%
20th Anniversary
(2001)
Innovations
1.4%
R.P.M.
(1985)
Anything Goes
1.4%
Warner Bros.
(1999)
Anything Goes
1.4%
20th Anniversary
(2001)
Game Time
1.4%
For Kids: Nick
(2005)
NickToons
1.4%
R.P.M.
(1985)
Your Mother Should Know
1.3%
20th Anniversary
(2001)
Global View
1.3%
20th Anniversary
(2001)
Sound & Screen
1.2%
R.P.M.
(1985)
After the Beatles
1.2%
Star Wars Classic Trilogy (1997)Weapons & Vehicles
1.2%
90s Time Capsule
(2004)
Hanging
1.2%
90s Time Capsule
(2004)
Important
1.2%
R.P.M.
(1985)
Cover Notes
1.1%
90s Time Capsule
(2004)
Viewing
1%
Book Lover's Edition
(2004)
Book Club
1%
TV
(1991)
Kids & Games
1%
SNL DVD
(2003)
SNL, etc.
1%
Star Wars Classic Trilogy (1997)Droids, Creatures & Aliens
1%
Disney DVD
(2005)
Heroes & Heroines
1%
Book Lover's Edition
(2004)
Book Bag
1%
Lord of the Rings Movie Trilogy (2003)Warfare
0.9%
Lord of the Rings Movie Trilogy (2003)Making Movies
0.9%
Disney DVD
(2005)
Once Upon a Time
0.8%
Disney DVD
(2005)
Wonderful World of Disney
0.8%
Disney DVD
(2005)
Monsters & Villains
0.8%
Disney DVD
(2005)
Supporting Stars
0.8%
Disney DVD
(2005)
Places & Props
0.8%
SNL DVD
(2003)
Commercial Parodies
0.7%
Lord of the Rings Movie Trilogy (2003)Places & History
0.7%
SNL DVD
(2003)
Famous Impressions
0.6%
For Kids: Nick
(2005)
Go Wild!
0.3%
For Kids: Nick
(2005)
At the Movies
0.3%
For Kids: Nick
(2005)
Real Action
0.3%
For Kids: Nick
(2005)
Here, There & Everywhere
0.3%
For Kids: Nick
(2005)
Makin' Music
0.3%

You're not logged in!

Compare scores with friends on all Sporcle quizzes.
OR
Log In

From the Vault

English Counties: Populations Greater Than 1 Million

by Mateo56

Many of England's counties end in 'shire.' We tried that here, but Californiashire and Texashire just didn't have the same ring.
Remove Ads.
Support Sporcle.
Get the best of Sporcle when you Go Orange. This ad-free experience offers more features, more stats, and more fun while also helping to support Sporcle. Thank you for becoming a member.

Show Comments

Extras

Top Quizzes Today


Score Distribution

Your Account Isn't Verified!

In order to create a playlist on Sporcle, you need to verify the email address you used during registration. Go to your Sporcle Settings to finish the process.

Report this User

Report this user for behavior that violates our Community Guidelines.

Details: